000 00299 a2200145 4500
001 161803
020 _a
040 _cMagnum
100 _aMartins, Rosemar Almeida
240 1 0 _aUm numero diferente
_lpor
245 1 0 _aUm numero diferente
362 0 _a1899
697 _aI/GERAL
942 _cBK
999 _c161803
_d161803